| 000 | 00670nam a2200205Ia 4500 | ||
|---|---|---|---|
| 003 | GCL | ||
| 008 | 140319s9999 xx 000 0 ara d | ||
| 040 |
_aGCL / _cGCL |
||
| 082 | 0 | 4 |
_a257.2953 _bم ا |
| 100 | 1 | _aالمارودى, ابو الحسن على البصرى | |
| 245 | 1 | 0 |
_aالاحكام السلطانية / _cالمارودى, ابو الحسن على البصرى |
| 260 |
_a[S.N] : _bالمؤلف ، _c1909 |
||
| 300 |
_a224 ص ؛ _c24 سم |
||
| 490 | _a | ||
| 650 | 0 | 4 | _aالخلافة |
| 650 | 0 | 4 | _aالاحكام السلطانية |
| 650 | 0 | 4 | _aالحسبة فى الاسلام |
| 650 | 0 | 4 | _aالاسلام والسياسة |
| 942 |
_2ddc _cBK |
||
| 999 |
_c36865 _d36865 |
||